| 000 | 00502nam a2200157Ia 4500 | ||
|---|---|---|---|
| 008 | 140512s9999 xx 000 0 und d | ||
| 020 | _a9789710506224 | ||
| 050 |
_aQA 135.6 _b.Al385 2012 |
||
| 100 | _aAlfarez, Merle S. | ||
| 245 |
_aMSA Mastering addition and subtraction the 100 chart way! / _cMerle S. Alfarez |
||
| 260 |
_aQuezon City : _bMSA Publishing House, _cc2012. |
||
| 300 |
_a113 p. : _bill. ; _c26 cm. |
||
| 650 |
_aMathematics _xAddition -- Subtraction |
||
| 942 | _cBK | ||
| 999 |
_c116659 _d116659 |
||